000 00865nam a2200253Ia 4500
003 OSt
005 20221005113000.0
006 a|||||r|||| 00| 0
007 ta
008 221004b |||||||| |||| 00| 0 pan d
020 _a9788171164994 (hbk)
_c150
024 _a15658
037 _b877, 18/08/2014, H.K. Prakashan
_cTextual
040 _aCRL
_cCRL
_bpan
041 _2pan
_apan
082 _aO153,1NGI4x, P8
100 _aਗਿੱਲ, Fਾਹਗੀਰ ਸਿੰਘ
_9167542
245 0 _aਚੁੱਪ ਦੇ ਬੋਲ
260 _aਦਿੱਲੀ
_bਨੈFਨਲ ਬੁਕ Fਾਪ ਭਾਰਤ
_c2008
300 _a112ਪੰ
_ccm.
650 _aਪੰਜਾਬੀ ਸਾਹਿਤ
942 _hO153,1NGI4x, P8
_cTEXL
_2cc
999 _c1026638
_d1026638